000 00455nam a2200181 a 4500
001 8004
003 CO-ViMGA
008 141112s2004 ck r 000 u spa d
020 _a8428103577
040 _aCO-ViMGA
_bspa
_cCO-ViMGA
082 0 4 _a551.49 T765
100 1 _aTrombe, Felix
_97588
245 1 0 _aLas Aguas Subterraneas
260 _aBarcelona (E),
_cOikos Tau,
_c1978
300 _a134.p.
650 1 4 _aAGUAS SUBTERRANEAS
_92966
942 _2ddc
_cBK
999 _c19827
_d19827